| 000 | 00000nam##2200000za#4500 |
| 001 | 9.581134 |
| 003 | CaOODSP |
| 005 | 20210624191355 |
| 007 | cr ||||||||||| |
| 008 | 150406|2003||||xxc|||||o f|0| 0 eng|d |
| 040 | |aCaOODSP|beng |
| 043 | |an-cn--- |
| 086 | 1 |aNH18-22/103-128E-PDF |
| 110 | 2 |aCanada Mortgage and Housing Corporation. |
| 245 | 10|aReview of hygrothermal models for building envelope retrofit analysis |h[electronic resource] |
| 250 | |aRevised 2006 |
| 260 | |aOttawa - Ontario : |bCanada Mortgage and Housing Corporation |cc2003, 2006. |
| 300 | |a6p.|btable |
| 490 | 1 |aResearch highlight. Technical series |v03-128 |
| 500 | |aFile reproduced from original print. |
| 590 | |a14-20-Supp|b2014-11-25 |
| 775 | 08|tModèles d'analyse hygrométrique portant sur le rattrapage éconergétique de l'enveloppe des bâtiments |w(CaOODSP)9.607983 |
| 776 | 0#|tReview of hygrothermal models for building envelope retrofit analysis |w(CaOODSP)9.616776 |
| 830 | #0|aResearch highlight. Technical series ;|v03-128|w(CaOODSP)9.504482 |
| 856 | 40|ahttp://publications.gc.ca|qPDF|s632 KB|uhttps://publications.gc.ca/collections/collection_2014/schl-cmhc/NH18-22-103-128-eng.pdf|y03-128 |